000 00332nam a2200121Ia 4500
008 190216s9999||||xx |||||||||||||| ||und||
100 _aMitchell Beazney
245 0 _aIntroductory Photogaphy Course
260 _bMitchell Beazney Publishers Ltd
_c1981
300 _a208p
650 _aIntroductory Photography Course
942 _cREF
999 _c35503
_d35503